000 00776nam0a2200265 4500
001 RU\NLR\BIBL_A\022117416
005 20250625125452.0
035 _a(NLR Aleph) 022117416
090 _a13319584
_c13319584
100 _a20240126d1912 |||y0rusy50 ca
101 0 _achv
102 _aRU
105 _ay z 000 y
181 0 _ai
_baxxe
182 0 _an
200 1 _aЕрех сийенě çинчен
_f[сост.: священник Е. Евтихиев]
203 _aТекст
_bвизуальный
_cнепосредственный
210 _aКазань
_cЦентр. тип
_d1912
215 _a4 с.
_d22
541 1 _aР645.021
702 1 _aЕвтихиев
_bЕ.
_4220
852 _aNLR
_bОНЛ
_jЧув./3-1435
942 _cBOOK
980 _aNB